000 00656 a2200169 4500
003 NUST
005 20230529140720.0
040 _cNust
082 _a004.62,ABD
100 _aAbdullah, Ahsan
_9112779
245 _aInternet & Pakistan /
_cAhsan Abdullah
260 _aRwp
_binter Active
_c1995
300 _aA-29 p.;
505 _aIntroduction (Page-xiii), Background (Page 1-1), International Networks (Page 2-1), Internet Services for Pakistan (Page 3-1), How to Join Internet (Page 4-1), Connecting Pakistan to Internet (Page 5-1), Internet: Past, Present and Future (Page 6-1).
650 _aInternet Pakistan
_9112780
942 _2ddc
_cBK
_k004.62,ABD
999 _c176472
_d176472